Comercio justo para todos : (Registro nro. 11254)

Detalles MARC
000 -LIDER
fixed length control field 01666nam a2200469 b 4500
001 - NÚMERO DE CONTROL
Identificador de número de control 226369
003 - IDENTIFICACDOR DE NÚMERO DE CONTROL
control field DO-SdBNP
005 - DATE AND TIME OF LATEST TRANSACTION
control field 20171109111039.0
007 - CAMPOS FIJOS DE DESCRIPCIÓN FÍSICA
fixed length control field 226369
008 - ELEMENTOS DE LONGITUD FIJA
fixed length control field 071001s2007 ms | ||| ||spa
016 7# - NO. DE CONTROL DE LA AGENCIA BIB. NACIONAL
Record control number
Source BPMSU
017 ## - NÚMERO DE REGISTRO DE DERECHOS DE AUTOR
Copyright or legal deposit number
Assigning agency
020 ## - ISBN
International Standard Book Number 97897077092287
035 ## - NÚMERO LOCAL
System control number
040 ## - FUENTE DE CATALOGACIÓN
Agencia que crea de manera original el registro BPMSU
Idioma de catalogación spa
Agencia que realiza la transcripción BPMSU
Convenciones de la despripción
041 1# - CÓDIGOS DE OBRAS TRADUCIDAS O EN VARIOS IDIOMAS
Código del idioma del texto/archivo de sonido o separata spa
Cód. del idioma original y/o traducciones intermedias del texto
080 #0 - NÚMERO DE CLASIFICACIÓN DECIMAL UNIVERSAL
Universal Decimal Classification number
080 ## - NÚMERO DE CLASIFICACIÓN DECIMAL UNIVERSAL
Universal Decimal Classification number
080 ## - NÚMERO DE CLASIFICACIÓN DECIMAL UNIVERSAL
Universal Decimal Classification number
082 #4 - NÚMERO DE CLASIFICACIÓN DECIMAL DE DEWEY
Classification number 382.3
Item number S855c
100 1# - ASIENTO PRINCIPAL -- NOMBRE PERSONAL
Nombre personal Stiglitz, Joseph E.
Fechas asociadas con el nombre 1943-
240 10 - TITULO UNIFORME
Título uniforme Fair trade for all
Idioma de una obra Español
245 10 - MENCIÓN DE TITULO
Título Comercio justo para todos :
Medio (Designación general de material)
Subtítulo cómo el comercio puede promover el desarrollo /
Mención de responsabilidad Joseph E. Stglitz y Andrew Charlton ; traducción de Natalia Rodríguez Martín
260 0# - PUBLICACIÓN, DISTRIBUCIÓN, ETC. (PIE DE IMPRENTA)
Lugar de publicación, distribución, etc México :
Nombre del editor, distribuidor, etc. Santillana,
Fecha de publicación, distribución, etc 2007
300 ## - DESCRIPCIÓN FÍSICA
Extensión 464 p. :
Otros detalles físicos il., gráf.
Dimensiones 25 cm
490 1# - MENCIÓN DE SERIES
Mención de serie Pensamiento (Taurus)
500 ## - NOTA GENERAL
Nota general Incluye índice
504 ## - NOTA DE BIBLIOGRAFÍA, ETC.
Bibliography, etc Bibliografía: p. 412-436
650 #4 - ENCABEZAMIENTO DE MATERIA--TEMÁTICO
Término temático o nombre geográfico como elemento de entrada COMERCIO INTERNACIONAL
650 #4 - ENCABEZAMIENTO DE MATERIA--TEMÁTICO
Término temático o nombre geográfico como elemento de entrada DESARROLLO ECONÓMICO
651 #4 - ENCABEZAMIENTO DE MATERIA--NOMBRE GEOGRÁFICO
Nombre geográfico PAÍSES EN DESARROLLO
Subdivisión temática general POLÍTICA COMERCIAL
651 #4 - ENCABEZAMIENTO DE MATERIA--NOMBRE GEOGRÁFICO
Nombre geográfico PAÍSES EN DESARROLLO
Subdivisión temática general COMERCIO
700 12 - ASIENTO SECUNDARIO -- NOMBRE PERSONAL
Nombre personal Rodríguez Martín, Natalia
Mención de responsabilidad traductor
830 #0 - ASIENTO SECUNDARIO DE SERIE--TÍTULO UNIFORME
Título uniforme Pensamiento (Taurus)
910 ## - VALIDACIÓN
Validación Validado. Control de calidad MFF
942 ## - ADDED ENTRY ELEMENTS (KOHA)
Source of classification or shelving scheme Dewey Decimal Classification
Koha item type Libros
945 ## - INFORMACIÓN DE PROCESAMIENTO LOCAL
Información de procesamiento local Inventariado extranjero / 2017 VM
956 ## - LOCAL ELECTRONIC LOCATION AND ACCESS (OCLC)
Nombre de host VMATEO
Número de acceso 10
Información de compresión 20160831
Trayectoria BPMSU
Nombre Electrónico 0069
980 ## - EQUIVALENCE OR CROSS-REFERENCE-SERIES STATEMENT--PERSONAL NAME/TITLE [LOCAL, CANADA]
Personal name M 18002-2007
-- 978-84-306-0640-5 (ISBN único)
-- M-BN
Numeration BNALCALA
Attribution qualifier 12/454393
Titles and other words associated with a name ALCALA
980 ## - EQUIVALENCE OR CROSS-REFERENCE-SERIES STATEMENT--PERSONAL NAME/TITLE [LOCAL, CANADA]
Personal name M 18002-2007
-- 978-84-306-0640-5 (ISBN único)
-- M-BN
Numeration BNALCALA
Attribution qualifier AHMo/292997
Titles and other words associated with a name SG_PETANTI
980 ## - EQUIVALENCE OR CROSS-REFERENCE-SERIES STATEMENT--PERSONAL NAME/TITLE [LOCAL, CANADA]
Personal name M 18002-2007
-- 978-84-306-0640-5 (ISBN único)
-- M-BN
Numeration BNALCALA
Attribution qualifier DL/1592488
Titles and other words associated with a name CONSERVACI
Existencias
Withdrawn status Lost status Source of classification or shelving scheme Damaged status Not for loan Collection code Home library Current library Date acquired Source of acquisition Total Checkouts Full call number Barcode Date last seen Price effective from Koha item type Copy number
    Dewey Decimal Classification     Colección General Biblioteca Pública Metropolitana Salomé Ureña Biblioteca Pública Metropolitana Salomé Ureña 08/31/2016 ALFAGUARA   382.3 S855c BPMSU16080350 08/31/2016 08/31/2016 Libros  
    Dewey Decimal Classification     Colección General Biblioteca Pública Metropolitana Salomé Ureña Biblioteca Pública Metropolitana Salomé Ureña 08/31/2016 ALFAGUARA   382.3 S855c BPMSU16080351 08/31/2016 08/31/2016 Libros e. 2